| 000 | 01522cad a22002775a 4500 | ||
|---|---|---|---|
| 001 | E150320 | ||
| 008 | 100628s2010 xxk f s000 0 eng d | ||
| 020 | _a9780755994038 | ||
| 035 | _a(Sirsi) u150320 | ||
| 041 | 0 | _aeng | |
| 050 | 0 | 4 | _a306.1 $2 18 |
| 100 | 2 | _aRobertson, Lucy | |
| 245 | 0 | 0 |
_aConsultation on a proposed Housing Bill _ban analysis of consultation responses _h[electronic resource] |
| 260 |
_aEdinburgh _bScottish Government _c2010 |
||
| 505 | 2 | _aIntroduction -- Landlord registration -- Licensing of houses in multiple occupation -- Overcrowding -- Tenancy regime -- Licensing of mobile home sites -- Facilitating private investment in housing: the twenty year rules -- Equalities impact assessment -- Appendices | |
| 520 | _aAnalyses responses to the Scottish Government's consultation paper on a proposed housing bill (see (E149443). The consultation covered proposals on six areas, four relating to the private rented sector, one relating to the licensing of mobile home sites and one relating to encouraging private investment in housing through possible changes to the 20 year rules. | ||
| 521 | _aAdvanced | ||
| 590 | _aKA | ||
| 650 | 2 | 4 | _aHOUSING SCOTLAND BILL |
| 651 | 4 |
_aScotland _y1999- |
|
| 690 | _aPROPERTY-RESIDENTIAL PROPERTY-DOMESTIC RESIDENTIAL PROPERTY-HOUSING | ||
| 700 | 1 | _aThornton, Chris | |
| 700 | 1 | _aShand, Katie | |
| 856 | 4 | 0 |
_uhttps://www.scotland.gov.uk/Publications/2010/06/21135419/0 _zView the consultation free of charge at www.scotland.gov.uk... |
| 942 | _n0 | ||
| 999 |
_c110826 _d110826 |
||